[Event "SR 2. liga A 2002/2003"]
[Site "?"]
[Date "2002.12.01"]
[Round "6.8"]
[White "Jozefovic, Milan"]
[Black "Slaby, Jozef"]
[Result "1-0"]
[WhiteElo "1350"]
[BlackElo "1799"]
[PlyCount "116"]
[EventDate "2002.??.??"]

1. e4 e6 2. d4 d5 3. e5 a6 4. Nf3 c5 5. c3 Nc6 6. Be3 Qc7 7. Be2 Nge7 8. O-O
Nf5 9. Bd3 Nxe3 10. fxe3 h6 11. Nbd2 Be7 12. h3 O-O 13. Nh2 Bg5 14. Qe2 cxd4
15. exd4 Bxd2 16. Qxd2 Qe7 17. Bc2 Qg5 18. Qd3 g6 19. Ng4 Ne7 20. Nf6+ Kg7 21.
Rf3 Nf5 22. g4 h5 23. Kh2 hxg4 24. Nxg4 Bd7 25. Rg1 Bb5 26. Qd1 Qh5 27. Nf6 Qh6
28. Bxf5 exf5 29. Rxf5 Rh8 30. Qf3 Raf8 31. Rf4 Be2 32. Qg3 Bb5 33. Nxd5 Bd7
34. h4 Qh5 35. Qg5 Qxg5 36. Rxg5 Be6 37. Nb4 a5 38. Nd3 Bxa2 39. Rg1 b6 40. Kg3
Be6 41. Kf3 Rh5 42. Rg5 Rxg5 43. hxg5 Rh8 44. Nf2 Rh5 45. Ne4 Rh2 46. Nf2 Rh5
47. Ne4 Rh2 48. Nf2 Rh5 49. Ke4 Rxg5 50. d5 Bf5+ 51. Kd4 Kf8 52. d6 Bd7 53. Ne4
Rg1 54. c4 Be6 55. Rf2 Rg4 56. Re2 Rg1 57. b3 Rb1 58. Nd2 Rc1 {partia skoncila
asi v 110. tahu, bohuzial oba zapisy su plne chyb a nemam nervy to
rekonstruovat.} 1-0

[Event "SR 2. liga A 2002/2003"]
[Site "?"]
[Date "2002.12.01"]
[Round "6.8"]
[White "Palka, Miroslav"]
[Black "Pericka, Tomas"]
[Result "1-0"]
[WhiteElo "2016"]
[BlackElo "1628"]
[PlyCount "51"]
[EventDate "2002.??.??"]

1. c4 f5 2. g3 Nf6 3. Bg2 e5 4. Nc3 d6 5. Qc2 Be7 6. e4 fxe4 7. Nxe4 Nbd7 8.
Ne2 Nxe4 9. Bxe4 Nf6 10. Bg2 O-O 11. d4 exd4 12. Nxd4 Qe8 13. O-O Ng4 14. h3
Ne5 15. f4 Nd7 16. Ne6 Qh5 17. Nxf8 Nxf8 18. Re1 Bf6 19. Qe2 Bd4+ 20. Kh2 Qc5
21. Bd5+ Kh8 22. Qe8 Be6 23. Qxa8 Bxd5 24. cxd5 Kg8 25. Qe8 Bf2 26. Qe4 1-0

[Event "SR 2. liga A 2002/2003"]
[Site "?"]
[Date "2003.01.18"]
[Round "7.1"]
[White "Banas, Jan"]
[Black "Matulik, Daniel"]
[Result "1-0"]
[WhiteElo "2365"]
[BlackElo "2161"]
[PlyCount "79"]
[EventDate "2002.??.??"]

1. e4 c6 2. d4 d5 3. exd5 cxd5 4. c4 Nf6 5. Nc3 e6 6. Nf3 Bb4 7. cxd5 Nxd5 8.
Bd2 O-O 9. Bd3 Nc6 10. O-O Be7 11. a3 Nf6 12. Bg5 h6 13. Bh4 b6 14. Re1 Bb7 15.
Bc2 Re8 16. Qd3 Kf8 17. Rad1 Ng8 18. Bg3 Nf6 19. Ne5 Nxe5 20. Bxe5 a6 21. Qg3
Rc8 22. Bb3 Nh5 23. Qh3 Nf6 24. Bf4 Bd6 25. Bxh6 gxh6 26. Qxh6+ Ke7 27. Rxe6+
Kd7 28. Rxf6 Kc7 29. Bd5 Bc6 30. Bxc6 Kxc6 31. Rxf7 Rc7 32. Rxc7+ Kxc7 33. Qh7+
Kb8 34. g3 Bc7 35. Qd3 Ka7 36. d5 Qd6 37. Ne4 Qe5 38. d6 Bd8 39. Nc3 Rh8 40.
Qd5 1-0

[Event "SR 2. liga A 2002/2003"]
[Site "?"]
[Date "2003.01.18"]
[Round "7.1"]
[White "Bezuch, Martin"]
[Black "Jablonicky, Frantisek"]
[Result "1/2-1/2"]
[WhiteElo "2124"]
[BlackElo "2234"]
[PlyCount "72"]
[EventDate "2002.??.??"]

1. e4 c6 2. d4 d5 3. Nc3 dxe4 4. Nxe4 Nf6 5. Nxf6+ gxf6 6. c3 Bf5 7. Nf3 Qc7 8.
g3 Nd7 9. Bg2 e6 10. Qe2 O-O-O 11. O-O Bg4 12. b4 h5 13. b5 cxb5 14. Qxb5 Nb6
15. Qa5 Kb8 16. Bf4 Bd6 17. Bxd6 Rxd6 18. Nd2 Bf5 19. Ne4 Bxe4 20. Bxe4 Nc4 21.
Qxc7+ Kxc7 22. Rab1 b6 23. Rfd1 h4 24. Rb4 Na5 25. c4 f5 26. Bf3 Nc6 27. Bxc6
Kxc6 28. c5 bxc5 29. Rc1 Rd5 30. Rbc4 hxg3 31. hxg3 f4 32. gxf4 Rhh5 33. Ra4
Rhf5 34. dxc5 Rxc5 35. Rxc5+ Kxc5 36. Rxa7 Rxf4 1/2-1/2

[Event "SR 2. liga A 2002/2003"]
[Site "?"]
[Date "2003.01.18"]
[Round "7.1"]
[White "Duriga, Stefan"]
[Black "Kleman, Miroslav"]
[Result "1-0"]
[WhiteElo "2221"]
[BlackElo "2207"]
[PlyCount "57"]
[EventDate "2002.??.??"]

1. d4 Nf6 2. Nf3 d6 3. c4 Nbd7 4. Nc3 e5 5. Bg5 Be7 6. e3 h6 7. Bxf6 Bxf6 8.
Bd3 O-O 9. O-O c6 10. Qc2 Qb6 11. Rfd1 Kh8 12. Rab1 a5 13. Bf1 Be7 14. a3 f5
15. b4 e4 16. Nd2 axb4 17. axb4 Nf6 18. h3 g5 19. c5 Qc7 20. cxd6 Bxd6 21. Nc4
f4 22. Nxd6 Qxd6 23. Qd2 Bf5 24. b5 g4 25. d5 Rad8 26. bxc6 bxc6 27. Rb6 Nxd5
28. Nxd5 Qxd5 29. Qc3+ 1-0

[Event "SR 2. liga A 2002/2003"]
[Site "?"]
[Date "2003.01.18"]
[Round "7.1"]
[White "Flasik, Radoslav"]
[Black "Tepper, Frantisek"]
[Result "1/2-1/2"]
[WhiteElo "2230"]
[BlackElo "2215"]
[PlyCount "34"]
[EventDate "2002.??.??"]

1. e4 e5 2. Nf3 Nc6 3. Bb5 f5 4. d4 fxe4 5. Nxe5 Nxe5 6. dxe5 c6 7. Nc3 cxb5 8.
Nxe4 d5 9. exd6 Nf6 10. Qe2 Nxe4 11. Qxe4+ Kf7 12. Bf4 Qe8 13. Be5 Bxd6 14.
Qd5+ Qe6 15. Qxd6 Qxd6 16. Bxd6 Re8+ 17. Kf1 Bf5 1/2-1/2

[Event "SR 2. liga A 2002/2003"]
[Site "?"]
[Date "2003.01.18"]
[Round "7.1"]
[White "Harasta, Vladimir"]
[Black "Meszaros, Michal"]
[Result "1/2-1/2"]
[WhiteElo "2190"]
[BlackElo "2309"]
[PlyCount "39"]
[EventDate "2002.??.??"]

1. c4 g6 2. Nc3 c5 3. Nf3 Bg7 4. e3 Nf6 5. d4 O-O 6. Be2 d5 7. O-O Nc6 8. dxc5
dxc4 9. Bxc4 Qa5 10. h3 Qxc5 11. Qe2 e5 12. e4 Nd4 13. Nxd4 exd4 14. Nd5 Nxd5
15. Bxd5 Re8 16. Qd3 Be6 17. Bxe6 Rxe6 18. Bd2 Qe7 19. Rfe1 Rc8 20. Rac1
1/2-1/2

[Event "SR 2. liga A 2002/2003"]
[Site "?"]
[Date "2003.01.18"]
[Round "7.1"]
[White "Tibensky, Robert"]
[Black "Cvicela, Anton"]
[Result "1-0"]
[WhiteElo "2467"]
[BlackElo "2182"]
[PlyCount "63"]
[EventDate "2002.??.??"]

1. e4 c5 2. Nf3 Nf6 3. d3 Nc6 4. Nbd2 d5 5. Be2 e5 6. O-O Be7 7. c3 O-O 8. a3
Qc7 9. Qc2 Bg4 10. Re1 Rfd8 11. Nf1 h6 12. Ne3 Bxf3 13. Bxf3 d4 14. Nd5 Qd6 15.
c4 Bf8 16. g3 Ne7 17. Bd2 Nfxd5 18. exd5 a5 19. b4 axb4 20. axb4 b6 21. Ra4
Rxa4 22. Qxa4 f5 23. Qa6 Ng6 24. Rb1 Qf6 25. bxc5 Bxc5 26. Bb4 Bxb4 27. Rxb4
Rd6 28. Qc8+ Kh7 29. Bh5 Ne7 30. Qe8 Qg5 31. Ra4 Nc8 32. Bf7 1-0

[Event "SR 2. liga A 2002/2003"]
[Site "?"]
[Date "2003.01.18"]
[Round "7.2"]
[White "Abel, Peter"]
[Black "Kovacocy, Pavel"]
[Result "1-0"]
[WhiteElo "2218"]
[BlackElo "2230"]
[PlyCount "89"]
[EventDate "2002.??.??"]

1. c4 Nf6 2. Nc3 g6 3. g3 Bg7 4. Bg2 O-O 5. Nf3 d6 6. d4 Nbd7 7. O-O e5 8. dxe5
Nxe5 9. Nxe5 dxe5 10. Bg5 Qxd1 11. Rfxd1 c6 12. Rd6 Be6 13. b3 h6 14. Be3 Rfe8
15. Na4 Bf8 16. Rd2 Ng4 17. Bc5 f5 18. Bxf8 Kxf8 19. Nc5 Bc8 20. Rd6 Kf7 21. e4
Nf6 22. Rad1 Rb8 23. Rd8 b6 24. Rxe8 Nxe8 25. Nd7 Bxd7 26. Rxd7+ Ke6 27. Rxa7
f4 28. Kf1 Kd6 29. Ke2 Nc7 30. gxf4 exf4 31. e5+ Kd7 32. Bh3+ Kd8 33. e6 Na8
34. e7+ Ke8 35. Bd7+ Kxe7 36. Bxc6+ Nc7 37. Rxc7+ Kd6 38. Rb7 Ra8 39. Ba4 Kc5
40. Kf3 g5 41. Rh7 Rd8 42. Rxh6 Rd3+ 43. Ke4 Rd2 44. a3 Re2+ 45. Kd3 1-0

[Event "SR 2. liga A 2002/2003"]
[Site "?"]
[Date "2003.01.18"]
[Round "7.2"]
[White "Bisco, Igor"]
[Black "Krajnak, Robert"]
[Result "1/2-1/2"]
[WhiteElo "2120"]
[BlackElo "2175"]
[PlyCount "106"]
[EventDate "2002.??.??"]

1. e4 c5 2. Nf3 e6 3. d4 cxd4 4. Nxd4 Nc6 5. Nc3 d6 6. Be3 Bd7 7. Bd3 Nf6 8. h3
a6 9. a4 Rc8 10. O-O Be7 11. Re1 O-O 12. Nf3 Ne5 13. Qe2 Qc7 14. Rad1 Rfd8 15.
Nh2 Be8 16. Ng4 Nexg4 17. hxg4 d5 18. exd5 Nxd5 19. Nxd5 Rxd5 20. b3 b5 21.
axb5 axb5 22. c4 bxc4 23. Bxc4 Rxd1 24. Rxd1 Qe5 25. Qf3 Bc6 26. Qf4 Qa5 27. g5
Qa8 28. f3 Bf8 29. Qe5 Be8 30. Ra1 Qc6 31. Bd4 Rd8 32. g6 Rxd4 33. gxf7+ Bxf7
34. Qxd4 Bc5 35. Ra8+ Be8 36. Bxe6+ Kf8 37. Rxe8+ Kxe8 38. Bd7+ Ke7 39. Bxc6
Bxd4+ 40. Kf1 Kd6 41. Be4 h6 42. Ke2 g5 43. g4 Be5 44. Kd3 Kc5 45. Bg6 Kb4 46.
Bf7 Bb2 47. Ke4 Bc1 48. Kf5 Bf4 49. Kg6 Bc1 50. Kxh6 Bf4 51. Kg6 Bc1 52. Kf5
Bf4 53. Be6 Bc1 1/2-1/2

[Event "SR 2. liga A 2002/2003"]
[Site "?"]
[Date "2003.01.18"]
[Round "7.2"]
[White "Fabry, Robert"]
[Black "Lauf, Pavol"]
[Result "0-1"]
[WhiteElo "2202"]
[BlackElo "2135"]
[PlyCount "92"]
[EventDate "2002.??.??"]

1. e4 g6 2. d4 Bg7 3. f4 d6 4. Nf3 Nf6 5. Nc3 c5 6. e5 dxe5 7. dxe5 Qxd1+ 8.
Kxd1 Ng4 9. Ke1 Nc6 10. Nd5 O-O 11. h3 Nh6 12. g4 Rd8 13. Ne3 Nd4 14. Bg2 f6
15. exf6 exf6 16. c3 Nc6 17. Nd2 Be6 18. Ne4 Bf8 19. Nxf6+ Kg7 20. Nfd5 Rac8
21. Bd2 b5 22. Rf1 Ne7 23. Nxe7 Bxe7 24. c4 bxc4 25. f5 Bh4+ 26. Ke2 gxf5 27.
gxf5 Bf7 28. Rg1 Kf8 29. Raf1 Rd6 30. Bc3 Re8 31. Bb7 Re7 32. Bg7+ Ke8 33. Bxh6
Rxb7 34. Bf4 Rxb2+ 35. Kf3 Bh5+ 36. Ng4 Rd3+ 37. Be3 Bg5 38. Re1 Rb7 39. Ke4
Re7+ 40. Ne5 Rxe5+ 41. Kxe5 Bxe3 42. Rg7 Bf7 43. Rxh7 c3 44. Ke4 c4 45. Rb1 c2
46. Rb7 Bd5+ 0-1

[Event "SR 2. liga A 2002/2003"]
[Site "?"]
[Date "2003.01.18"]
[Round "7.2"]
[White "Janos, Martin"]
[Black "Petreje, Juraj"]
[Result "1/2-1/2"]
[WhiteElo "2175"]
[BlackElo "2180"]
[PlyCount "119"]
[EventDate "2002.??.??"]

1. d4 Nf6 2. Nf3 b6 3. e3 Bb7 4. Bd3 g6 5. Nbd2 Bg7 6. c3 c5 7. Qe2 Nc6 8. a3
Rc8 9. b4 cxd4 10. cxd4 d5 11. Bb2 Rc7 12. O-O O-O 13. Rad1 Qa8 14. Ng5 e6 15.
f3 Rfc8 16. Qf2 Ne7 17. e4 h6 18. exd5 Nfxd5 19. Nge4 Nf4 20. Bb1 Ba6 21. Rfe1
Nd3 22. Bxd3 Bxd3 23. Nf1 Rc2 24. Rd2 Rxd2 25. Qxd2 Bxf1 26. Rxf1 Qd5 27. Rd1
Nf5 28. Ng3 Nd6 29. Ne2 Qb3 30. Rc1 Rxc1+ 31. Nxc1 Qd5 32. Ne2 Nc4 33. Qc3 b5
34. Bc1 e5 35. dxe5 Bxe5 36. Qc2 Kh7 37. Qe4 Qxe4 38. fxe4 Nd6 39. Be3 a6 40.
Bd4 Bxd4+ 41. Nxd4 Nxe4 42. Nc6 Nc3 43. Nb8 Nb1 44. Nxa6 Nxa3 45. Kf2 f5 46.
Ke3 Kg7 47. Kd4 Kf6 48. Nc7 g5 49. Kc5 Ke5 50. Nxb5 Nc2 51. Nc3 Nxb4 52. Kxb4
Kd4 53. Nb5+ Ke3 54. Nd6 f4 55. Nf5+ Kf2 56. g3 f3 57. Nxh6 Kg2 58. Ng4 Kh3 59.
Ne3 Kxh2 60. g4 1/2-1/2

[Event "SR 2. liga A 2002/2003"]
[Site "?"]
[Date "2003.01.18"]
[Round "7.2"]
[White "Machalova, Maria"]
[Black "Provaznik, Michal"]
[Result "0-1"]
[WhiteElo "2153"]
[BlackElo "2237"]
[PlyCount "60"]
[EventDate "2002.??.??"]

1. c4 Nf6 2. Nc3 d6 3. d4 g6 4. e4 Bg7 5. f3 O-O 6. Bg5 Nbd7 7. Qd2 Re8 8. g4
c5 9. d5 Qa5 10. Be2 a6 11. h4 e6 12. dxe6 fxe6 13. h5 b5 14. cxb5 d5 15. hxg6
hxg6 16. bxa6 Bxa6 17. Bxa6 Rxa6 18. Bh6 d4 19. Nce2 Qxd2+ 20. Bxd2 Rb8 21. Nf4
Ne5 22. g5 Nfd7 23. Bc1 c4 24. Kf2 Nc5 25. Nge2 Nb3 26. axb3 Rxa1 27. bxc4 d3
28. Ng3 d2 29. Bxd2 Rxh1 30. Nxh1 Rxb2 0-1

[Event "SR 2. liga A 2002/2003"]
[Site "?"]
[Date "2003.01.18"]
[Round "7.2"]
[White "Minich, Peter"]
[Black "Smolen, Jan"]
[Result "1/2-1/2"]
[WhiteElo "2212"]
[BlackElo "2148"]
[PlyCount "97"]
[EventDate "2002.??.??"]

1. e4 c5 2. g3 d5 3. exd5 Qxd5 4. Nf3 Bg4 5. Bg2 Qe6+ 6. Kf1 Bh3 7. Ng5 Bxg2+
8. Kxg2 Qc6+ 9. Qf3 Nf6 10. Nc3 h6 11. Nge4 Nxe4 12. Nxe4 g6 13. Re1 f5 14. Nc3
Qxf3+ 15. Kxf3 Nc6 16. Nb5 O-O-O 17. d3 a6 18. Na3 c4 19. dxc4 e5 20. Kg2 Bxa3
21. bxa3 e4 22. Bb2 Rh7 23. Rad1 Rhd7 24. Rxd7 Rxd7 25. Bc3 Nd4 26. Rb1 g5 27.
Rb6 Nf3 28. Rb1 Rc7 29. Rb4 a5 30. Rb2 a4 31. Rb4 Rd7 32. Rb1 b6 33. h3 Kc7 34.
Kf1 Nd2+ 35. Bxd2 Rxd2 36. Rb2 Rd1+ 37. Ke2 Rh1 38. Rb5 f4 39. gxf4 gxf4 40. c5
Rxh3 41. cxb6+ Kb7 42. Rb4 Rxa3 43. Rxe4 Rxa2 44. Kd2 f3 45. Rh4 Ra1 46. Rxh6
Rf1 47. Rh4 Rxf2+ 48. Ke3 Rxc2 49. Rxa4 1/2-1/2

[Event "SR 2. liga A 2002/2003"]
[Site "?"]
[Date "2003.01.18"]
[Round "7.3"]
[White "Bury, Rastislav"]
[Black "Kolman, Richard"]
[Result "1-0"]
[WhiteElo "1984"]
[BlackElo "2139"]
[PlyCount "59"]
[EventDate "2002.??.??"]

1. d4 Nf6 2. c4 g6 3. Nc3 Bg7 4. e4 d6 5. f4 O-O 6. Nf3 c5 7. d5 b5 8. cxb5 a6
9. bxa6 Bxa6 10. Bxa6 Nxa6 11. O-O Qb6 12. h3 Rfb8 13. e5 Nd7 14. e6 fxe6 15.
dxe6 Nf6 16. f5 Nc7 17. fxg6 Nxe6 18. Nd5 Qb7 19. Nxf6+ Bxf6 20. gxh7+ Kh8 21.
g4 Nd4 22. g5 Nxf3+ 23. Qxf3 Bxb2 24. Bxb2+ Qxb2 25. g6 Qc2 26. Qf7 Qc3 27. Qf5
Qg7 28. Qe6 Ra3 29. Rab1 Rxb1 30. Qc8+ 1-0

[Event "SR 2. liga A 2002/2003"]
[Site "?"]
[Date "2003.01.18"]
[Round "7.3"]
[White "Hartl, Jan"]
[Black "Janos, Jozef"]
[Result "0-1"]
[WhiteElo "2154"]
[BlackElo "2185"]
[PlyCount "76"]
[EventDate "2002.??.??"]

1. e4 c5 2. Nf3 e6 3. d4 cxd4 4. Nxd4 a6 5. Be2 Nf6 6. Nc3 Qc7 7. a3 Be7 8. Be3
d6 9. f4 b5 10. O-O Bb7 11. Bf3 Nbd7 12. Qe2 O-O 13. Kh1 Nb6 14. f5 e5 15. Nb3
Nc4 16. Bc1 Nxa3 17. Rxa3 b4 18. Ra4 bxc3 19. Rc4 Qd8 20. Rxc3 a5 21. Rd1 Ba6
22. Qf2 Nd7 23. Be3 a4 24. Nd2 Qb8 25. b3 a3 26. Ra1 Nf6 27. h3 Bb7 28. Rd3 d5
29. exd5 e4 30. Bxe4 Qe5 31. Bd4 Nxe4 32. Qe3 Qxd5 33. Bxg7 Qxf5 34. Rf1 Qg6
35. Ba1 Bc5 36. Qf4 Rfe8 37. Nxe4 Rxe4 38. Qc7 Re1 0-1

[Event "SR 2. liga A 2002/2003"]
[Site "?"]
[Date "2003.01.18"]
[Round "7.3"]
[White "Michal, Silvio"]
[Black "Skreno, Vladimir"]
[Result "1/2-1/2"]
[WhiteElo "2168"]
[BlackElo "2116"]
[PlyCount "158"]
[EventDate "2002.??.??"]

1. c4 Nf6 2. d4 g6 3. Nc3 Bg7 4. e4 d6 5. f4 O-O 6. Nf3 c5 7. d5 e6 8. dxe6
Bxe6 9. Bd3 Nc6 10. O-O Bg4 11. h3 Bxf3 12. Qxf3 Nd4 13. Qf2 a6 14. Bd2 b5 15.
Rae1 Nd7 16. Nd5 bxc4 17. Bxc4 Nc2 18. Rc1 Bd4 19. Ne3 Nxe3 20. Bxe3 Bxe3 21.
Qxe3 Nb6 22. Qd3 Nxc4 23. Rxc4 Rb8 24. b3 Qf6 25. Ra4 Rb6 26. f5 g5 27. Rxa6
Rxa6 28. Qxa6 Qd4+ 29. Kh1 Re8 30. Re1 d5 31. e5 Rxe5 32. Qc8+ Kg7 33. f6+ Kxf6
34. Rf1+ Ke7 35. Qc7+ Ke8 36. Qxf7+ Kd8 37. Qg8+ Re8 38. Qxg5+ Kc7 39. Rf7+ Kc8
40. Rf1 Qe4 41. Rc1 Qd4 42. Qf5+ Kc7 43. Qxh7+ Kd6 44. Qa7 Qb4 45. Qa6+ Kc7 46.
Qf1 Re6 47. Qf7+ Kd6 48. Qf2 d4 49. Qg3+ Kd5 50. Rf1 Qd2 51. Rf5+ Kc6 52. Qf3+
Kb6 53. Qd5 Rc6 54. Rf7 Qe1+ 55. Kh2 Qe8 56. b4 Qb8+ 57. g3 Qd6 58. bxc5+ Qxc5
59. Qd8+ Kb5 60. Rb7+ Kc4 61. Qg8+ Kd3 62. Rb3+ Ke4 63. Qg4+ Kd5 64. Qf5+ Kd6
65. Qf8+ Kd5 66. Qf7+ Re6 67. Rf3 Qc2+ 68. Rf2 Qe4 69. Qb7+ Kc5 70. Qc7+ Rc6
71. Qa5+ Kc4 72. Rb2 Rc5 73. Qb4+ Kd5 74. Qb7+ Ke5 75. Qe7+ Kd5 76. Qf7+ Ke5
77. Qe7+ Kd5 78. Re2 Qd3 79. Qf7+ Kc6 1/2-1/2

[Event "SR 2. liga A 2002/2003"]
[Site "?"]
[Date "2003.01.18"]
[Round "7.3"]
[White "Sarmir, Milos"]
[Black "Seitler, Andrej"]
[Result "0-1"]
[WhiteElo "2149"]
[BlackElo "2133"]
[PlyCount "62"]
[EventDate "2002.??.??"]

1. e4 c6 2. d4 d5 3. Nc3 dxe4 4. Nxe4 Nf6 5. Nxf6+ gxf6 6. Be3 Bf5 7. Nf3 e6 8.
Nh4 Bg6 9. Be2 Bd6 10. Qd2 Nd7 11. Nxg6 hxg6 12. h4 Qc7 13. Rh3 f5 14. f3 Bg3+
15. Bf2 Bxf2+ 16. Kxf2 O-O-O 17. a4 Nf6 18. Qc3 Qf4 19. Kf1 Qxd4 20. Qxd4 Rxd4
21. g3 g5 22. c3 Rd2 23. Rb1 gxh4 24. Ke1 Rdd8 25. gxh4 Nd5 26. Rh2 Nf4 27. Bf1
Rh6 28. Rd1 Rxd1+ 29. Kxd1 Ng6 30. Bc4 Rxh4 31. Rg2 Rxc4 0-1

[Event "SR 2. liga A 2002/2003"]
[Site "?"]
[Date "2003.01.18"]
[Round "7.3"]
[White "Sochna, D."]
[Black "Machalova, Veronika"]
[Result "1-0"]
[WhiteElo "2223"]
[BlackElo "2151"]
[PlyCount "79"]
[EventDate "2002.??.??"]

1. e4 c5 2. Nc3 e6 3. g3 Nc6 4. Bg2 g6 5. d3 Bg7 6. Be3 d6 7. Qd2 a6 8. a4 h6
9. Nge2 Nd4 10. O-O Ne7 11. Rab1 Nec6 12. Nd1 Nxe2+ 13. Qxe2 O-O 14. c3 Kh7 15.
f4 Qe7 16. Qf2 Rd8 17. g4 f5 18. gxf5 exf5 19. b4 cxb4 20. cxb4 Qf7 21. Bb6 Rf8
22. Ne3 Be6 23. Nd5 Rac8 24. Kh1 Ne7 25. Nc7 Bb3 26. a5 Ba2 27. Rbc1 Nc6 28. b5
axb5 29. Nxb5 Qb3 30. Nxd6 Ra8 31. Nxb7 Ne7 32. Nc5 Qf7 33. exf5 gxf5 34. Nd7
Nd5 35. Qxa2 Qxd7 36. Qxd5 Qxd5 37. Bxd5 Rae8 38. Rc7 Kh8 39. a6 Rb8 40. Rb7
1-0

[Event "SR 2. liga A 2002/2003"]
[Site "?"]
[Date "2003.01.18"]
[Round "7.3"]
[White "Szollos, Ondrej"]
[Black "Lukac, Roman"]
[Result "0-1"]
[WhiteElo "2106"]
[BlackElo "2151"]
[PlyCount "74"]
[EventDate "2002.??.??"]

1. Nf3 c5 2. d3 Nc6 3. c3 e5 4. e4 Nf6 5. Qc2 d5 6. Be2 Be7 7. O-O O-O 8. Re1
dxe4 9. dxe4 Qc7 10. Nbd2 a6 11. Nf1 Rd8 12. Ng3 h6 13. Nh4 Be6 14. Nhf5 Bf8
15. Be3 Kh7 16. Rad1 g6 17. Nh4 Rxd1 18. Rxd1 Rd8 19. Rxd8 Qxd8 20. Nf3 Qd6 21.
h3 Nd7 22. a3 c4 23. h4 Nc5 24. Ne1 b5 25. h5 Na5 26. hxg6+ fxg6 27. Nf1 Bf7
28. Bxc5 Qxc5 29. Ne3 Qd6 30. Nd5 Nb3 31. g3 Be6 32. Bf3 Nc5 33. Ng2 h5 34.
Nge3 Bh6 35. Ng2 Nd3 36. Kf1 Qc5 37. Nge3 Qf8 {time} 0-1

[Event "SR 2. liga A 2002/2003"]
[Site "?"]
[Date "2003.01.18"]
[Round "7.4"]
[White "Doucha, Ludvik"]
[Black "Toth_Vano, Peter"]
[Result "1-0"]
[WhiteElo "2107"]
[BlackElo "2088"]
[PlyCount "37"]
[EventDate "2002.??.??"]

1. e4 c5 2. c4 Nc6 3. Ne2 Nf6 4. Nbc3 e5 5. d3 d6 6. f4 Be7 7. g3 h5 8. h3 Nd4
9. Bg2 Bd7 10. O-O a6 11. Nxd4 cxd4 12. Nd5 Nxd5 13. exd5 Rb8 14. Qe2 Bf6 15.
c5 dxc5 16. fxe5 Qe7 17. Re1 Bg5 18. e6 fxe6 19. Qe5 1-0

[Event "SR 2. liga A 2002/2003"]
[Site "?"]
[Date "2003.01.18"]
[Round "7.4"]
[White "Eged, Igor"]
[Black "Chovanec, Vladimir"]
[Result "0-1"]
[WhiteElo "2076"]
[BlackElo "2057"]
[PlyCount "96"]
[EventDate "2002.??.??"]

1. c4 e5 2. Nc3 Nf6 3. Nf3 Nc6 4. d4 exd4 5. Nxd4 Bc5 6. Nb3 Be7 7. g3 O-O 8.
Bg2 d6 9. O-O Ne5 10. Nd2 c6 11. b3 Bg4 12. h3 Bd7 13. Bb2 Qc8 14. Kh2 Ng6 15.
e4 h5 16. f4 h4 17. g4 Bxg4 18. hxg4 Nxg4+ 19. Kh1 Ne3 20. Qf3 Nxf1 21. Rxf1
Qc7 22. Ne2 a5 23. Qh5 a4 24. b4 a3 25. Bc3 Qd8 26. Nf3 c5 27. b5 Ra4 28. Qd5
Bf6 29. Be1 Qc8 30. Kh2 Qe6 31. Nd2 Qxd5 32. exd5 Re8 33. Nc1 Nxf4 34. Be4 Ng6
35. Bc2 Raa8 36. Nf3 Bb2 37. Bxh4 Nxh4 38. Nxh4 Bxc1 39. Rxc1 Re2+ 40. Ng2 g6
41. Bb1 Rb2 42. Kg3 Re8 43. Ne1 f5 44. Nd3 Rxb1 45. Rxb1 Re3+ 46. Kf4 Rxd3 47.
Re1 Rd4+ 48. Kg5 Re4 0-1

[Event "SR 2. liga A 2002/2003"]
[Site "?"]
[Date "2003.01.18"]
[Round "7.4"]
[White "Gajarsky, Roman"]
[Black "Janos, Ivan"]
[Result "0-1"]
[WhiteElo "2051"]
[BlackElo "2131"]
[PlyCount "32"]
[EventDate "2002.??.??"]

1. e4 c5 2. b3 Nc6 3. Bb2 Nf6 4. d3 d5 5. Nd2 Qa5 6. c3 g6 7. c4 dxe4 8. dxe4
Bh6 9. f3 Bg4 10. Ne2 Nxe4 11. fxe4 Rd8 12. Bc3 Nb4 13. Kf2 Nd3+ 14. Kg3 Bxe2
15. Bxa5 Bf4+ 16. Kh3 Nf2+ 0-1

[Event "SR 2. liga A 2002/2003"]
[Site "?"]
[Date "2003.01.18"]
[Round "7.4"]
[White "Hecko, Dusan"]
[Black "Horak, Ivan"]
[Result "1/2-1/2"]
[WhiteElo "2198"]
[BlackElo "2168"]
[PlyCount "122"]
[EventDate "2002.??.??"]

1. e4 c5 2. Nf3 d6 3. d4 cxd4 4. Nxd4 Nf6 5. Nc3 a6 6. h3 g6 7. Be3 (7. g4 Bg7
8. g5 Nh5 9. Be2 e5 $1 $11) 7... Bg7 8. Qd2 (8. g4 O-O 9. g5 Nh5 10. Be2 e5 11.
Nb3 Nf4 12. Bxf4 exf4 13. h4 Nc6 14. Qd2 Be5 {kniz. Fritz}) 8... b5 9. f3 h5
10. g3 Bb7 11. Bg2 Nbd7 12. O-O-O Ne5 13. Kb1 $2 (13. Bg5) 13... Nc4 14. Qd3
Nxe3 15. Qxe3 e5 16. Nb3 Qc7 17. h4 $2 (17. f4 $14) 17... O-O 18. Bh3 b4 19.
Nd5 (19. Na4 $14) 19... Bxd5 20. exd5 a5 21. Qd3 a4 $17 22. Nd2 Ra5 23. Ne4
Nxd5 24. c4 bxc3 25. Nxc3 Nxc3+ 26. Qxc3 Qxc3 27. bxc3 Rb8+ 28. Kc2 d5 29. Rb1
Rxb1 30. Rxb1 Rc5 31. Rb8+ Bf8 32. Rc8 $2 (32. Bd7 d4 33. Rc8 $11) 32... f5 33.
Rxc5 Bxc5 34. g4 hxg4 35. fxg4 f4 36. h5 Kg7 37. Bf1 gxh5 38. gxh5 Kh6 39. Bb5
a3 40. Bc6 Kxh5 41. Bxd5 Kg4 42. Kd2 f3 43. Kd3 Kg3 44. Bc6 f2 45. Ke2 Bb6 46.
Bd5 Ba5 47. Bc6 Bxc3 48. Bd5 Bd4 49. Bc6 Kf4 50. Bd5 e4 51. Bc6 Ke5 52. Bb7 Bc5
53. Bc6 Kf4 54. Bd5 e3 55. Bc4 Ke4 56. Kf1 Kd4 57. Be2 Kc3 58. Ba6 Kd4 59. Be2
Ke4 60. Ba6 Kf3 61. Be2+ Kg3 1/2-1/2

[Event "SR 2. liga A 2002/2003"]
[Site "?"]
[Date "2003.01.18"]
[Round "7.4"]
[White "Kubovic, Ladislav"]
[Black "Sukuba, Zdeno"]
[Result "1/2-1/2"]
[WhiteElo "2147"]
[BlackElo "2108"]
[PlyCount "29"]
[EventDate "2002.??.??"]

1. e4 d5 2. exd5 Nf6 3. d4 Nxd5 4. c4 Nf6 5. h3 g6 6. Nc3 Bg7 7. Nf3 Nbd7 8.
Bf4 c6 9. Qd2 O-O 10. Bh6 Qa5 11. Bxg7 Kxg7 12. a3 e5 13. b4 Qc7 14. d5 cxd5
15. Nxd5 1/2-1/2

[Event "SR 2. liga A 2002/2003"]
[Site "?"]
[Date "2003.01.18"]
[Round "7.4"]
[White "Pusec, Pavel"]
[Black "Gasa, Andrej"]
[Result "1/2-1/2"]
[WhiteElo "2117"]
[BlackElo "2167"]
[PlyCount "115"]
[EventDate "2002.??.??"]

1. d4 d5 2. e3 Nf6 3. f4 Bg4 4. Nf3 Nbd7 5. Be2 e6 6. Nbd2 c5 7. c3 Bd6 8. Ne5
Bxe2 9. Qxe2 O-O 10. O-O a6 11. Qf3 Qc7 12. g4 Nb6 13. g5 Ne8 14. Qh3 Bxe5 15.
fxe5 Qe7 16. Nf3 f6 17. dxc5 Nd7 18. exf6 gxf6 19. Qg4 f5 20. Qd4 Qxc5 21. Bd2
Qxd4 22. exd4 Nd6 23. Bf4 Ne4 24. Nd2 Nxd2 25. Bxd2 Kf7 26. Rae1 Rg8 27. Kh1
Rac8 28. Rf3 Rc6 29. Rh3 Nf8 30. Bf4 Rg7 31. Kg2 b5 32. a3 Ng6 33. Kf3 Kg8 34.
Rh6 Nf8 35. h4 a5 36. Bd2 Kf7 37. Rf6+ Kg8 38. h5 Rcc7 39. Bf4 Rc6 40. Re5 Rcc7
41. Re2 Rc6 42. Rg2 Nd7 43. Rh6 Kf8 44. g6 hxg6 45. hxg6 Nf6 46. Be5 Ng4 47.
Bxg7+ Kxg7 48. Rh7+ Kxg6 49. Rb7 b4 50. axb4 axb4 51. Rxb4 Kf6 52. Rb5 Rd6 53.
Kf4 e5+ 54. dxe5+ Nxe5 55. Rd2 Ng6+ 56. Ke3 Ke5 57. c4 Ne7 58. Rbxd5+ 1/2-1/2

[Event "SR 2. liga A 2002/2003"]
[Site "?"]
[Date "2003.01.18"]
[Round "7.5"]
[White "Faltan, Peter"]
[Black "Vychodil, Michal"]
[Result "1/2-1/2"]
[WhiteElo "2148"]
[BlackElo "2078"]
[PlyCount "100"]
[EventDate "2002.??.??"]

1. d4 g6 2. c4 Bg7 3. Nc3 c5 4. e3 cxd4 5. exd4 Nf6 6. Bd3 d5 7. Nge2 Nc6 8.
O-O O-O 9. Bg5 Nb4 10. cxd5 Nbxd5 11. Rc1 Be6 12. Qd2 Rc8 13. Rfd1 Qa5 14. Bb1
Rfd8 15. Nxd5 Qxd2 16. Nxe7+ Kf8 17. Nxg6+ fxg6 18. Rxd2 Rxc1+ 19. Nxc1 Rd7 20.
Ne2 Bxa2 21. Bxa2 Ne4 22. Rd1 Nxg5 23. f3 Ke7 24. Kf2 Ne6 25. Bxe6 Kxe6 26. Ke3
Rc7 27. Kd3 b5 28. Nc3 b4 29. Re1+ Kf7 30. Nd5 Rd7 31. Kc4 a5 32. Kc5 b3 33.
Re4 a4 34. Nc3 a3 35. bxa3 Rc7+ 36. Kb4 b2 37. Kb3 Rxc3+ 38. Kxb2 Rd3 39. a4
Rxd4 40. Rxd4 Bxd4+ 41. Kc2 Ke6 42. Kd3 Kd5 43. a5 Bg1 44. a6 Ke5 45. Ke2 Kd5
46. Kd3 Ba7 47. g3 Bg1 48. Ke2 Kc6 49. f4 Bxh2 50. Kf2 Kb6 1/2-1/2